Statistics for New York Dolls Songs

Click here to take the quiz!

General Stats

  • This quiz has been taken 19 times
  • The average score is 14 of 61

Answer Stats

HintAnswer% Correct
5Frankenstein
71%
11Jet Boy
71%
11Trash
71%
6Trash
71%
1Personality Crisis
65%
3Vietnamese Baby
59%
2Looking for a Kiss
53%
9Pills
53%
1Cause I 'Sez So
47%
7Chatterbox
47%
10Human Being
47%
1Babylon
29%
4Dance Like a Monkey
29%
8Gotta Get Away from Tommy
29%
10Private World
29%
4Showdown
29%
8Subway Train
29%
3Who Are the Mystery Girls?
29%
8Bad Detective
24%
12Dancing Backwards in High Heels
24%
9Dancing on the Lip of a Volcano
24%
6Puss N' Boots
24%
2Stranded in the Jungle
24%
7Bad Girl
18%
9Don't Start Me Talkin'
18%
10Funky But Chic
18%
5It's Too Late
18%
4Lonely Planet Boy
18%
4Talk to Me Baby
18%
1We're All In Love
18%
9Drowning
12%
7Fishnets and Cigarettes
12%
1Fool for You Baby
12%
8I Sold My Heart to the Junkman
12%
5Kids Like You
12%
13Lipstick, Powder, & Paint
12%
4Lonely So Long
12%
6Maimed Happiness
12%
8Making Rain
12%
2Muddy Bones
12%
10Nobody Got No Bizness
12%
3Plenty of Music
12%
11Rainbow Store
12%
13Take a Good Look at My Good Looks
12%
9Baby, Tell Me What I'm On
6%
14Beauty School
6%
3Better Than You
6%
11End of the Summer
6%
12Exorcism of Despair
6%
12Gimme Luv and Turn on the Lights
6%
10I Ain't Got Nothin'
6%
3I'm So Fabulous
6%
5My World
6%
5Punishing World
6%
6Round and Round She Goes
6%
2Runnin' Around
6%
15Seventeen
6%
2Streetcake
6%
7Temptation to Exist
6%
6This is Ridiculous
6%
7You Don't Have to Cry
6%

Score Distribution

Percentile by Number Answered

Percent of People with Each Score

Your Score History

You have not taken this quiz